[Event "Poznan op 20th"]
[Site "Poznan"]
[Date "2011.07.20"]
[Round "5"]
[White "Jaskowski, Tadeusz"]
[Black "Zielewicz, Piotr"]
[Result "1/2-1/2"]
[WhiteElo "1914"]
[BlackElo "1773"]
[PlyCount "93"]
[EventDate "2011.07.16"]
[EventType "swiss"]
[EventRounds "9"]
[EventCountry "POL"]
[SourceTitle "CBM 143 Extra"]
[Source "ChessBase"]
[SourceDate "2011.08.29"]
[SourceVersion "1"]
[SourceVersionDate "2011.08.29"]
[SourceQuality "1"]

1. e4 c5 2. Nf3 d6 3. c3 Nf6 4. Bc4 e6 5. Qe2 Be7 6. d4 d5 7. exd5 exd5 8. Bb5+ Bd7 9. dxc5 0-0 10. Bxd7 Nbxd7 11. 0-0 Bxc5 12. b4 Bd6 13. Qd3 Qc7 14. g3 Rac8 15. Bd2 Ne5 16. Nxe5 Bxe5 17. Na3 Qd7 18. f4 Bc7 19. Nb5 Bb6+ 20. Kg2 Ne4 21. Be1 Qc6 22. Nd4 Bxd4 23. Qxd4 Rfe8 24. Rf3 Qb5 25. Rd3 Nf6 26. a4 Qa6 27. b5 Re2+ 28. Bf2 Qe6 29. h3 Ne4 30. Rf1 Nf6 31. Re3 Rxe3 32. Qxe3 a6 33. Qxe6 fxe6 34. Bd4 axb5 35. axb5 Ne4 36. Ra1 Rc7 37. b6 Rd7 38. Ra8+ Kf7 39. Rc8 Nd6 40. Rh8 h6 41. g4 Nb5 42. Be5 d4 43. cxd4 Nxd4 44. h4 Nc6 45. Kf3 Nxe5+ 46. fxe5 Rd3+ 47. Ke4 1/2-1/2

[Event "Rewal op-B 14th"]
[Site "Rewal"]
[Date "2009.08.27"]
[Round "7"]
[White "Puszkarek, Kamil"]
[Black "Jaskowski, Tadeusz"]
[Result "0-1"]
[WhiteElo "1593"]
[BlackElo "1978"]
[PlyCount "102"]
[EventDate "2009.08.20"]
[EventType "swiss"]
[EventRounds "9"]
[EventCountry "POL"]
[SourceTitle "EXT 2011"]
[Source "ChessBase"]
[SourceDate "2010.11.26"]
[SourceVersion "1"]
[SourceVersionDate "2010.11.26"]
[SourceQuality "1"]

1. e4 e5 2. f4 Bc5 3. Nf3 d6 4. Nc3 Nf6 5. Bc4 0-0 6. d3 h6 7. Na4 exf4 8. Nxc5 dxc5 9. Bxf4 Nc6 10. 0-0 Bg4 11. h3 Bxf3 12. Rxf3 b5 13. Bb3 Qe7 14. Rg3 Kh7 15. Bd5 Nxd5 16. exd5 Nd4 17. Re3 Qd7 18. Qh5 Nf5 19. Re5 g6 20. Qf3 Rae8 21. g4 Nd4 22. Qf2 f6 23. Rxe8 Rxe8 24. Be3 Nxc2 25. Qxc2 Rxe3 26. Qxc5 Rxh3 27. Kf2 Qd6 28. Qxd6 cxd6 29. Ke2 Rh2+ 30. Ke3 Rxb2 31. a4 bxa4 32. Rxa4 Rb7 33. Kf4 Kg7 34. Ra6 Rd7 35. Ra1 Re7 36. Ra6 Rd7 37. Ra1 Re7 38. Ra6 g5+ 39. Kf3 Rd7 40. Ke4 Kg6 41. Ra1 Re7+ 42. Kf3 f5 43. gxf5+ Kxf5 44. Ra6 Ke5 45. Kg4 Kxd5 46. Kh5 Re6 47. Rxa7 Kd4 48. Ra3 d5 49. Rb3 Ke3 50. Ra3 d4 51. Rb3 Rc6 0-1

[Event "Rewal op-B 14th"]
[Site "Rewal"]
[Date "2009.08.20"]
[Round "1"]
[White "Cyboran, Katarzyna"]
[Black "Jaskowski, Tadeusz"]
[Result "1-0"]
[WhiteElo "1668"]
[BlackElo "1978"]
[PlyCount "91"]
[EventDate "2009.08.20"]
[EventType "swiss"]
[EventRounds "9"]
[EventCountry "POL"]
[SourceTitle "EXT 2011"]
[Source "ChessBase"]
[SourceDate "2010.11.26"]
[SourceVersion "1"]
[SourceVersionDate "2010.11.26"]
[SourceQuality "1"]

1. e4 e5 2. Nf3 Nc6 3. Bb5 Bc5 4. Bxc6 dxc6 5. d3 Bg4 6. h3 Bxf3 7. Qxf3 Qf6 8. Nd2 Qxf3 9. Nxf3 f6 10. Bd2 Ne7 11. Rf1 0-0 12. 0-0-0 Rad8 13. Rde1 Rd7 14. Nh4 g5 15. Nf3 Ng6 16. g3 Rfd8 17. Nh2 Kg7 18. Ng4 h5 19. Ne3 Ne7 20. f4 exf4 21. gxf4 gxf4 22. Rxf4 Bd4 23. Nf5+ Nxf5 24. Rxf5 Rh8 25. c3 Bb6 26. d4 Re7 27. Rg1+ Kf7 28. e5 Rxe5 29. dxe5 Bxg1 30. Rxf6+ Ke8 31. b4 Bh2 32. Bg5 Rh7 33. Kc2 Re7 34. e6 Rh7 35. Rg6 Rh8 36. Bf6 Rf8 37. e7 Rxf6 38. Rxf6 h4 39. Rh6 Bg3 40. Rh7 b6 41. Kd3 Kd7 42. a4 b5 43. a5 a6 44. Kd4 Bf2+ 45. Ke5 Be1 46. Kf6 1-0